| 000 -LEADER |
| fixed length control field |
01414cam a2200397Ia 4500 |
| 001 - CONTROL NUMBER |
| control field |
183261401 |
| 003 - CONTROL NUMBER IDENTIFIER |
| control field |
OCoLC |
| 005 - DATE AND TIME OF LATEST TRANSACTION |
| control field |
20190815085315.0 |
| 008 - FIXED-LENGTH DATA ELEMENTS--GENERAL INFORMATION |
| fixed length control field |
071206t20082007nyua b 001 0beng |
| 020 ## - INTERNATIONAL STANDARD BOOK NUMBER |
| International Standard Book Number |
0791098486 (pbk.) |
| 020 ## - INTERNATIONAL STANDARD BOOK NUMBER |
| International Standard Book Number |
9780791098486 (pbk.) |
| 035 ## - SYSTEM CONTROL NUMBER |
| System control number |
(OCoLC)183261401 |
| 040 ## - CATALOGING SOURCE |
| Original cataloging agency |
BTCTA |
| Transcribing agency |
BTCTA |
| Modifying agency |
BAKER |
| -- |
SOM |
| -- |
NYP |
| 043 ## - GEOGRAPHIC AREA CODE |
| Geographic area code |
n-us--- |
| 049 ## - LOCAL HOLDINGS (OCLC) |
| Holding library |
NYPP |
| 082 ## - DEWEY DECIMAL CLASSIFICATION NUMBER |
| Classification number |
921 DAR |
| 091 ## - MICROFILM SHELF LOCATION (AM) [OBSOLETE] |
| Microfilm shelf location |
B |
| 100 1# - MAIN ENTRY--PERSONAL NAME |
| Personal name |
Darraj, Susan Muaddi. |
| Relator term |
author |
| 245 10 - TITLE STATEMENT |
| Title |
Jackie Robinson / |
| Statement of responsibility, etc. |
Susan Muaddi Darraj. |
| 260 ## - PUBLICATION, DISTRIBUTION, ETC. |
| Place of publication, distribution, etc. |
New York, N.Y. : |
| Name of publisher, distributor, etc. |
Checkmark Books, |
| Date of publication, distribution, etc. |
c2008, c2007. |
| 300 ## - PHYSICAL DESCRIPTION |
| Extent |
122 p. : |
| Other physical details |
ill. (some col.) ; |
| Dimensions |
24 cm. |
| 490 1# - SERIES STATEMENT |
| Series statement |
Baseball superstars. |
| 504 ## - BIBLIOGRAPHY, ETC. NOTE |
| Bibliography, etc. note |
Includes bibliographical references and index. |
| 505 0# - FORMATTED CONTENTS NOTE |
| Formatted contents note |
A difficult summer -- The budding superstar -- From college to the military -- To the big leagues -- Making history -- A public figure -- Advancing the race -- The last game -- Trobling times -- Coming home. |
| 520 ## - SUMMARY, ETC. |
| Summary, etc. |
Biography of Brooklyn Dodger, Jackie Robinson. |
| 600 10 - SUBJECT ADDED ENTRY--PERSONAL NAME |
| Personal name |
Robinson, Jackie, |
| Dates associated with a name |
1919-1972. |
| 610 20 - SUBJECT ADDED ENTRY--CORPORATE NAME |
| Corporate name or jurisdiction name as entry element |
Brooklyn Dodgers (Baseball team) |
| General subdivision |
History. |
| 650 #0 - SUBJECT ADDED ENTRY--TOPICAL TERM |
| Topical term or geographic name entry element |
Baseball players |
| Geographic subdivision |
United States |
| Form subdivision |
Biography. |
| 830 #0 - SERIES ADDED ENTRY--UNIFORM TITLE |
| Uniform title |
Baseball superstars. |
| 901 ## - LOCAL DATA ELEMENT A, LDA (RLIN) |
| a |
aew |
| b |
CWE |
| c |
CATBL |
| 901 ## - LOCAL DATA ELEMENT A, LDA (RLIN) |
| a |
MARS |
| 942 ## - ADDED ENTRY ELEMENTS (KOHA) |
| Source of classification or shelving scheme |
|
| Koha item type |
Books - Non Ficton |
| 945 ## - LOCAL PROCESSING INFORMATION (OCLC) |
| a |
.b186314802 |
| 946 ## - LOCAL PROCESSING INFORMATION (OCLC) |
| a |
m |
| 949 #1 - LOCAL PROCESSING INFORMATION (OCLC) |
| i |
33333802399291 |
| l |
thy0n |
| t |
238 |
| p |
$11.95 |
| s |
b |
| v |
CATBL/CWE/aew |